[Event "2. Bundesliga Ost 2019/2020"]
[Site "alle Wien"]
[Date "2019.12.07"]
[Round "5"]
[Board "6"]
[White "Steiner, Adam"]
[Black "Geismann, Bernhard"]
[Result "1-0"]
[WhiteElo "2215"]
[BlackElo "2044"]
[PlyCount "85"]
[EventDate "2019.10.19"]
[EventType "team"]
[EventRounds "11"]
[EventCountry "AUT"]
[WhiteTeam "mpimmo Wien - SK Ottakring"]
[BlackTeam "SK Advisory Invest Baden"]

1. e4 e5 2. f4 Bc5 3. Nf3 d6 4. Nc3 Nc6 5. Bc4 Nf6 6. d3 Bg4 7. Na4 O-O 8. Nxc5
dxc5 9. h3 Bxf3 10. Qxf3 b5 11. Bb3 Nd4 12. Qd1 Nxe4 13. dxe4 Qh4+ 14. Kf1 c4
15. c3 Rad8 16. cxd4 Rxd4 17. Qg4 Qxg4 18. hxg4 cxb3 19. Kf2 exf4 20. Bxf4 Rxe4
21. Kf3 Rfe8 22. Rhd1 h6 23. axb3 g5 24. Bc1 Rb4 25. Rd3 Re1 26. Bd2 Rxa1 27.
Bxb4 Rf1+ 28. Kg3 f5 29. gxf5 Rxf5 30. Rc3 Rf4 31. Ba5 b4 32. Rxc7 h5 33. Rc4
h4+ 34. Kh3 Rf2 35. Rxb4 Rxb2 36. Bd8 a5 37. Bxa5 Kf7 38. Bd8 Kg6 39. Rb6+ Kh5
40. Rb5 Rxb3+ 41. Rxb3 g4+ 42. Kh2 g3+ 43. Kh3  1-0

[Event "2. Bundesliga Ost 2019/2020"]
[Site "alle Wien"]
[Date "2019.12.07"]
[Round "5"]
[Board "1"]
[White "Lipka, Juraj"]
[Black "Pacher, Milan"]
[Result "1/2-1/2"]
[WhiteElo "2405"]
[BlackElo "2437"]
[PlyCount "60"]
[EventDate "2019.10.19"]
[EventType "team"]
[EventRounds "11"]
[EventCountry "AUT"]
[WhiteTeam "ASVOE Pamhagen"]
[BlackTeam "SK Austria Wien"]

1. Nf3 d5 2. g3 Nf6 3. Bg2 e6 4. d4 Be7 5. O-O O-O 6. c4 dxc4 7. Qc2 a6 8. Qxc4
b5 9. Qc2 Bb7 10. Bg5 Nbd7 11. Bxf6 Nxf6 12. Nbd2 Rc8 13. Nb3 Be4 14. Qd2 c5
15. dxc5 Qxd2 16. Nfxd2 Bxg2 17. Kxg2 Bxc5 18. Nxc5 Rxc5 19. Rac1 Rfc8 20. Rxc5
Rxc5 21. Nb3 Rc2 22. Rc1 Rxc1 23. Nxc1 Kf8 24. Nd3 Nd7 25. e4 e5 26. Kf3 Ke7
27. Ke3 Kd6 28. Kd2 Nc5 29. Nxc5 Kxc5 30. Kc3 a5  1/2-1/2

[Event "2. Bundesliga Ost 2019/2020"]
[Site "alle Wien"]
[Date "2019.12.07"]
[Round "5"]
[Board "2"]
[White "Mazur, Stefan"]
[Black "Volkmann, Friedrich Karl"]
[Result "1-0"]
[WhiteElo "2435"]
[BlackElo "2403"]
[PlyCount "147"]
[EventDate "2019.10.19"]
[EventType "team"]
[EventRounds "11"]
[EventCountry "AUT"]
[WhiteTeam "SK Austria Wien"]
[BlackTeam "ASVOE Pamhagen"]

1. e4 Nf6 2. Nc3 d5 3. e5 Ne4 4. Nce2 f6 5. d3 Ng5 6. Bxg5 fxg5 7. h4 g4 8. Nf4
g6 9. d4 Bh6 10. Nd3 O-O 11. h5 Kg7 12. Be2 Nc6 13. c3 Qd7 14. hxg6 hxg6 15.
Rh4 Qf5 16. Rxg4 b6 17. Nh3 Qf7 18. Rg3 Bf5 19. Ndf4 Bxf4 20. Nxf4 Be4 21. Nh3
Rh8 22. Bd3 Raf8 23. Qe2 Bxd3 24. Rxd3 Nd8 25. O-O-O Ne6 26. Qg4 Qf5 27. Rg3
Rh5 28. Rdd3 Qxg4 29. Rxg4 g5 30. Kd2 Kh6 31. Ke3 Rg8 32. Rd1 Rh4 33. Rxh4+
gxh4 34. Rg1 Kh5 35. g3 Rg4 36. Rh1 c5 37. Nf4+ Nxf4 38. gxf4 cxd4+ 39. cxd4
Kg6 40. Rh2 Kf5 41. f3 Rg1 42. Rxh4 Re1+ 43. Kd2 Rb1 44. Kc2 Rf1 45. Rh7 Rf2+
46. Kc1 Kxf4 47. Rxe7 Ke3 48. Rxa7 Kxd4 49. e6 Rxf3 50. Ra4+ Kc5 51. Re4 dxe4
52. e7 Rf1+ 53. Kc2 Rf2+ 54. Kb3 Rf3+ 55. Kc2 Rf2+ 56. Kc3 Rf3+ 57. Kd2 Rf2+
58. Ke3 Rxb2 59. e8=Q Rxa2 60. Qe5+ Kb4 61. Qd4+ Kb3 62. Qxb6+ Kc2 63. Qc5+ Kb3
64. Qb5+ Kc3 65. Kxe4 Rd2 66. Ke3 Rd1 67. Qc5+ Kb2 68. Qb4+ Kc2 69. Qa4+ Kc1
70. Qb4 Kc2 71. Ke2 Rc1 72. Qa4+ Kc3 73. Qa3+ Kc2 74. Qa2+  1-0

[Event "2. Bundesliga Ost 2019/2020"]
[Site "alle Wien"]
[Date "2019.12.07"]
[Round "5"]
[Board "3"]
[White "Vitouch, Anatol"]
[Black "Hangweyrer, Manfred"]
[Result "1/2-1/2"]
[WhiteElo "2286"]
[BlackElo "2347"]
[PlyCount "30"]
[EventDate "2019.10.19"]
[EventType "team"]
[EventRounds "11"]
[EventCountry "AUT"]
[WhiteTeam "ASVOE Pamhagen"]
[BlackTeam "SK Austria Wien"]

1. d4 d5 2. c4 c6 3. cxd5 cxd5 4. Bf4 e6 5. Nc3 Bd6 6. Bxd6 Qxd6 7. e3 Nc6 8.
Bd3 Nge7 9. f4 a6 10. Nf3 f6 11. O-O O-O 12. Qe2 Bd7 13. Rad1 Be8 14. Nh4 Bf7
15. Qg4 f5  1/2-1/2

[Event "2. Bundesliga Ost 2019/2020"]
[Site "alle Wien"]
[Date "2019.12.07"]
[Round "5"]
[Board "4"]
[White "Sardy, Peter"]
[Black "Alvir, Aco"]
[Result "1/2-1/2"]
[WhiteElo "2352"]
[BlackElo "2338"]
[PlyCount "65"]
[EventDate "2019.10.19"]
[EventType "team"]
[EventRounds "11"]
[EventCountry "AUT"]
[WhiteTeam "SK Austria Wien"]
[BlackTeam "ASVOE Pamhagen"]

1. e4 g6 2. d4 Bg7 3. Nc3 c6 4. f4 d5 5. e5 h5 6. Nf3 Nh6 7. Bd3 Na6 8. a3 Nc7
9. Be3 Bf5 10. h3 Bxd3 11. Qxd3 Nf5 12. O-O-O h4 13. Ne2 Qd7 14. Nh2 O-O-O 15.
Ng4 Rh5 16. Rhf1 Ne6 17. Kb1 Qc7 18. Rf3 Bf8 19. Bf2 Neg7 20. c4 e6 21. c5 Be7
22. Ka2 Rhh8 23. b4 Kb8 24. Rb1 b5 25. cxb6 axb6 26. Rc1 Rc8 27. Qb3 Qb7 28.
Rfc3 Qa6 29. R1c2 Kb7 30. Nc1 Nh5 31. Ne2 b5 32. Kb2 Rc7 33. Rf3  1/2-1/2

[Event "2. Bundesliga Ost 2019/2020"]
[Site "alle Wien"]
[Date "2019.12.07"]
[Round "5"]
[Board "5"]
[White "Franzen, Jozef"]
[Black "Druckenthaner, Andreas"]
[Result "1-0"]
[WhiteElo "2238"]
[BlackElo "2279"]
[PlyCount "123"]
[EventDate "2019.10.19"]
[EventType "team"]
[EventRounds "11"]
[EventCountry "AUT"]
[WhiteTeam "ASVOE Pamhagen"]
[BlackTeam "SK Austria Wien"]

1. e4 e5 2. Nf3 Nc6 3. Bb5 Bc5 4. O-O Nd4 5. Nxd4 Bxd4 6. c3 Bb6 7. d4 c6 8.
Ba4 d6 9. Na3 Ne7 10. Nc4 exd4 11. Nxb6 Qxb6 12. Qxd4 Qxd4 13. cxd4 d5 14. f3
Be6 15. Bd2 Rd8 16. Bc3 O-O 17. Bc2 Rfe8 18. Rae1 Ng6 19. a3 f6 20. Rf2 dxe4
21. fxe4 Nf8 22. Rd2 Bf7 23. Kf2 Ne6 24. h4 Nc7 25. g4 Nb5 26. Re3 Rd7 27. a4
Nxc3 28. bxc3 c5 29. Re1 h5 30. g5 fxg5 31. hxg5 Re5 32. Rg1 Bg6 33. Ke3 cxd4+
34. cxd4 Re8 35. Bb3+ Kh7 36. e5 Rc7 37. Bd5 Rc3+ 38. Ke2 b6 39. Rf1 Rg3 40.
Rf3 Rxg5 41. Re3 Re7 42. Bb3 Bf5 43. e6 h4 44. d5 h3 45. Kf1 Rc7 46. d6 Rc1+
47. Re1 Rxe1+ 48. Kxe1 Bxe6 49. Bxe6 Re5+ 50. Kd1 Rxe6 51. d7 Rd6 52. Rxd6 h2
53. d8=Q h1=Q+ 54. Kd2 Qh2+ 55. Kc3 Qe5+ 56. Rd4 Qe1+ 57. Kc4 Qe2+ 58. Kd5 Qg2+
59. Kd6 g5 60. Qf6 Qg1 61. Kc7 Qg3+ 62. Kb7  1-0

[Event "2. Bundesliga Ost 2019/2020"]
[Site "alle Wien"]
[Date "2019.12.07"]
[Round "5"]
[Board "6"]
[White "Newrkla, Katharina"]
[Black "Kuthan, Andreas"]
[Result "1/2-1/2"]
[WhiteElo "2217"]
[BlackElo "2194"]
[PlyCount "26"]
[EventDate "2019.10.19"]
[EventType "team"]
[EventRounds "11"]
[EventCountry "AUT"]
[WhiteTeam "SK Austria Wien"]
[BlackTeam "ASVOE Pamhagen"]

1. e4 e6 2. d3 d5 3. Qe2 Nf6 4. Nf3 Bc5 5. e5 Nfd7 6. g3 f6 7. Bh3 O-O 8. d4
Bb6 9. Bxe6+ Kh8 10. O-O Nxe5 11. Bxc8 Nxf3+ 12. Qxf3 Qxc8 13. Be3 Nc6  1/2-1/2

[Event "2. Bundesliga Ost 2019/2020"]
[Site "alle Wien"]
[Date "2019.12.07"]
[Round "5"]
[Board "1"]
[White "Petrik, Tomas"]
[Black "Stanec, Nikolaus"]
[Result "0-1"]
[WhiteElo "2462"]
[BlackElo "2511"]
[PlyCount "68"]
[EventDate "2019.10.19"]
[EventType "team"]
[EventRounds "11"]
[EventCountry "AUT"]
[WhiteTeam "SG Mistelbach/Altlichtenwarth"]
[BlackTeam "SC Donaustadt"]

1. e4 c5 2. Nf3 d6 3. d4 cxd4 4. Nxd4 Nf6 5. Nc3 Nc6 6. Bg5 e6 7. Qd2 a6 8.
O-O-O Bd7 9. f4 Be7 10. Nf3 b5 11. Bxf6 gxf6 12. f5 Qb6 13. Kb1 h5 14. g3 Ne5
15. Nd4 Rc8 16. fxe6 fxe6 17. Bh3 Ng4 18. Nce2 e5 19. Bxg4 hxg4 20. Nf5 Bxf5
21. exf5 b4 22. c3 a5 23. Rc1 Qb7 24. Qd3 Qf3 25. Qa6 Kf7 26. Ka1 Ra8 27. Qc4+
d5 28. Qc6 Qxe2 29. Qe6+ Kf8 30. cxb4 Rxh2 31. Rxh2 Qxh2 32. bxa5 d4 33. a6 d3
34. Qd5 Rd8  0-1

[Event "2. Bundesliga Ost 2019/2020"]
[Site "alle Wien"]
[Date "2019.12.07"]
[Round "5"]
[Board "2"]
[White "Pingitzer, Harald"]
[Black "Bawart, Markus"]
[Result "1/2-1/2"]
[WhiteElo "2334"]
[BlackElo "2370"]
[PlyCount "40"]
[EventDate "2019.10.19"]
[EventType "team"]
[EventRounds "11"]
[EventCountry "AUT"]
[WhiteTeam "SC Donaustadt"]
[BlackTeam "SG Mistelbach/Altlichtenwarth"]

1. Nf3 Nf6 2. g3 g6 3. Bg2 Bg7 4. O-O O-O 5. c4 c5 6. Nc3 Nc6 7. d3 d6 8. a3 a6
9. Bd2 Rb8 10. Rb1 b5 11. cxb5 axb5 12. b4 cxb4 13. axb4 Bd7 14. Ne1 Qb6 15.
Nc2 Rfc8 16. Be3 Qd8 17. Bd2 Qb6 18. Be3 Qd8 19. Bd2 Qb6 20. Be3 Qd8  1/2-1/2

[Event "2. Bundesliga Ost 2019/2020"]
[Site "alle Wien"]
[Date "2019.12.07"]
[Round "5"]
[Board "3"]
[White "Groetz, Harald"]
[Black "Schwab, Lukas"]
[Result "1/2-1/2"]
[WhiteElo "2312"]
[BlackElo "2166"]
[PlyCount "222"]
[EventDate "2019.10.19"]
[EventType "team"]
[EventRounds "11"]
[EventCountry "AUT"]
[WhiteTeam "SG Mistelbach/Altlichtenwarth"]
[BlackTeam "SC Donaustadt"]

1. Nf3 d5 2. g3 c6 3. Bg2 Nf6 4. b3 g6 5. Bb2 Bg7 6. c4 O-O 7. O-O Bf5 8. d3
Qb6 9. Qc2 Na6 10. a3 Rfd8 11. Nbd2 Bg4 12. Rfe1 Bxf3 13. Bxf3 Nc7 14. c5 Qa6
15. e3 Ne6 16. b4 b5 17. a4 Qb7 18. axb5 Qxb5 19. Bxf6 Bxf6 20. d4 Rdb8 21.
Reb1 a6 22. Nb3 Qb7 23. Be2 Qc8 24. Na5 Qe8 25. Qa4 Nd8 26. f4 Qd7 27. Qd1 Qe6
28. Kf2 Qh3 29. Qh1 g5 30. Qg2 Qf5 31. Rb2 Bg7 32. Kg1 g4 33. Ra3 Qe6 34. Kf2
Ra7 35. Qf1 Qe4 36. Qb1 Qe6 37. Bd3 Qh6 38. Kg1 Kh8 39. Qf1 Qe6 40. Qe2 h5 41.
h3 Kg8 42. hxg4 hxg4 43. Bxa6 Nb7 44. Nxb7 Rbxb7 45. Ra5 Rb8 46. Qd3 Rba8 47.
Rd2 Qh6 48. Rh2 Qe6 49. Kf1 Rxa6 50. Rxa6 Rxa6 51. Qxa6 Qxe3 52. Qc8+ Bf8 53.
Qxg4+ Bg7 54. Qc8+ Bf8 55. Qg4+ Bg7 56. Re2 Qxd4 57. Rxe7 Kf8 58. Re1 Bf6 59.
Qf5 Qc3 60. Qc8+ Kg7 61. Qg4+ Kf8 62. f5 d4 63. Qf4 Kg7 64. Qg4+ Kf8 65. Qf4
Kg7 66. g4 Bh4 67. f6+ Bxf6 68. g5 Bd8 69. Qe5+ Kh7 70. Qh2+ Kg6 71. Qd6+ Kh5
72. Qh6+ Kg4 73. Re4+ Kf5 74. Qh7+ Kxg5 75. Qg7+ Kh5 76. Qg4+ Kh6 77. Rxd4 Bg5
78. Rd1 Qf6+ 79. Kg2 Qb2+ 80. Kh1 Qe5 81. Qh3+ Kg7 82. Qg4 Kh6 83. Qd4 Qe2 84.
Qh8+ Kg6 85. Qg8+ Kh6 86. Qh8+ Kg6 87. Qg8+ Kh6 88. Qf8+ Kg6 89. Qd6+ Kg7 90.
Qd4+ Kh6 91. Qd3 Qe8 92. Kg2 f5 93. Qd6+ Kh5 94. Rh1+ Bh4 95. Qd1+ Kg5 96. Qd2+
f4 97. Qd3 Qg8 98. Kf3 Qe8 99. Kg2 Qg8 100. Kf1 Qe8 101. Qe2 Qf7 102. Qe5+ Kg4
103. Qe2+ Kg5 104. Rg1+ Bg3 105. Qd3 Kg4 106. b5 cxb5 107. Qxb5 Qd5 108. Qe2+
f3 109. Qc2 Qe6 110. Rxg3+ Kxg3 111. Qf2+ Kg4  1/2-1/2

[Event "2. Bundesliga Ost 2019/2020"]
[Site "alle Wien"]
[Date "2019.12.07"]
[Round "5"]
[Board "4"]
[White "Hansen, Kay"]
[Black "Hofmann, Thomas"]
[Result "0-1"]
[WhiteElo "2145"]
[BlackElo "2228"]
[PlyCount "110"]
[EventDate "2019.10.19"]
[EventType "team"]
[EventRounds "11"]
[EventCountry "AUT"]
[WhiteTeam "SC Donaustadt"]
[BlackTeam "SG Mistelbach/Altlichtenwarth"]

1. c4 c5 2. Nc3 Nf6 3. Nf3 d5 4. cxd5 Nxd5 5. e4 Nb4 6. a3 Nd3+ 7. Bxd3 Qxd3 8.
Qe2 Qxe2+ 9. Nxe2 Nc6 10. d4 cxd4 11. Nexd4 Bd7 12. O-O g6 13. Be3 Bg7 14. Rfe1
O-O 15. Rac1 Rfd8 16. h4 Rac8 17. b4 b6 18. Rcd1 Nxd4 19. Bxd4 Ba4 20. Rd2 Bxd4
21. Rxd4 Rxd4 22. Nxd4 Rc4 23. Nf3 Bc6 24. Nd2 Rd4 25. Re2 Rd3 26. Nc4 Bb5 27.
Rc2 Bxc4 28. Rxc4 Rxa3 29. e5 a5 30. bxa5 bxa5 31. g3 Kg7 32. Rc7 e6 33. Rc5 a4
34. Kg2 Ra1 35. Ra5 h6 36. Ra7 g5 37. hxg5 hxg5 38. Kf3 Kg6 39. Kg4 Ra2 40. f3
Ra1 41. Ra8 Re1 42. Rxa4 Rxe5 43. Ra2 Re3 44. Rf2 e5 45. Kh3 f5 46. g4 f4 47.
Kg2 e4 48. fxe4 Rg3+ 49. Kf1 Rxg4 50. Re2 Kf6 51. e5+ Ke6 52. Kf2 Rg3 53. Re1
Rb3 54. Rg1 Kf5 55. Re1 Rb6  0-1

[Event "2. Bundesliga Ost 2019/2020"]
[Site "alle Wien"]
[Date "2019.12.07"]
[Round "5"]
[Board "5"]
[White "Vrana, Frantisek"]
[Black "Froewis, Annika"]
[Result "1-0"]
[WhiteElo "2254"]
[BlackElo "2074"]
[PlyCount "117"]
[EventDate "2019.10.19"]
[EventType "team"]
[EventRounds "11"]
[EventCountry "AUT"]
[WhiteTeam "SG Mistelbach/Altlichtenwarth"]
[BlackTeam "SC Donaustadt"]

1. e4 e5 2. Nf3 Nc6 3. Bb5 a6 4. Bxc6 dxc6 5. O-O Be6 6. Nxe5 Qd4 7. Nf3 Qxe4
8. Ng5 Qf5 9. Nxe6 fxe6 10. d3 O-O-O 11. Qe2 Nf6 12. Re1 Re8 13. Nc3 Bb4 14.
Bd2 Rhf8 15. f3 Bc5+ 16. Be3 Bb4 17. Bd2 Bd6 18. Ne4 Nxe4 19. Qxe4 Qc5+ 20. d4
Qh5 21. h3 Bg3 22. Re2 e5 23. d5 cxd5 24. Qxd5 Qg6 25. Qb3 Rd8 26. Be1 Bf4 27.
Bf2 Rd7 28. Rae1 Rfd8 29. Bh4 Re8 30. Qb4 Kb8 31. Qe4 Qb6+ 32. Bf2 Qh6 33. g3
Bd2 34. Rd1 Red8 35. Qxe5 Qc6 36. Qe4 Qxe4 37. Rxe4 b6 38. Kg2 Kb7 39. f4 Rd5
40. Kf3 g5 41. Re7 gxf4 42. gxf4 Bb4 43. Rxd5 Rxd5 44. Re2 Bd6 45. Kg4 h5+ 46.
Kf3 Ra5 47. a3 Rb5 48. Bd4 c5 49. Bc3 c4 50. Re6 Rd5 51. Ke4 Rd1 52. f5 Kc7 53.
Rh6 Rc1 54. f6 Rxc2 55. f7 Rf2 56. Rxd6 Rxf7 57. Be5 Kb7 58. Rh6 b5 59. Rxh5
 1-0

[Event "2. Bundesliga Ost 2019/2020"]
[Site "alle Wien"]
[Date "2019.12.07"]
[Round "5"]
[Board "6"]
[White "Niedersberger, Andreas"]
[Black "Hajek, Oskar"]
[Result "0-1"]
[WhiteElo "2036"]
[BlackElo "2166"]
[PlyCount "86"]
[EventDate "2019.10.19"]
[EventType "team"]
[EventRounds "11"]
[EventCountry "AUT"]
[WhiteTeam "SC Donaustadt"]
[BlackTeam "SG Mistelbach/Altlichtenwarth"]

1. d4 Nf6 2. c4 c5 3. d5 e5 4. Nc3 d6 5. e4 Nbd7 6. Nf3 Be7 7. Be2 O-O 8. O-O
Ne8 9. Ne1 Bg5 10. Nd3 Bxc1 11. Rxc1 f5 12. exf5 Nb6 13. b3 Bxf5 14. Bg4 Qg5
15. Bxf5 Qxf5 16. f3 Nf6 17. Nf2 a6 18. Qd2 Rad8 19. Nfe4 h6 20. Nxf6+ Qxf6 21.
Ne4 Qg6 22. b4 Nd7 23. bxc5 Nxc5 24. Nxc5 dxc5 25. Qe3 Qd6 26. Rfe1 Rde8 27.
Rb1 Re7 28. Rb3 Rf4 29. Qd3 b5 30. Re4 b4 31. Rb2 a5 32. Rbe2 a4 33. Qd1 Rxe4
34. Rxe4 Ra7 35. Qe2 b3 36. Rxe5 bxa2 37. Qb2 a3 38. Qa1 Rb7 39. Re8+ Kf7 40.
Re1 Rb2 41. Qc1 Rb1 42. Qe3 Rxe1+ 43. Qxe1 Qf6  0-1

[Event "2. Bundesliga Ost 2019/2020"]
[Site "alle Wien"]
[Date "2019.12.07"]
[Round "5"]
[Board "1"]
[White "Loeffler, Stefan"]
[Black "Baumegger, Siegfried"]
[Result "0-1"]
[WhiteElo "2373"]
[BlackElo "2432"]
[PlyCount "92"]
[EventDate "2019.10.19"]
[EventType "team"]
[EventRounds "11"]
[EventCountry "AUT"]
[WhiteTeam "ASVOE VHS Poechlarn"]
[BlackTeam "tschaturanga"]

1. Nf3 Nf6 2. g3 g6 3. Bg2 Bg7 4. c4 O-O 5. d4 d6 6. Nc3 Nc6 7. O-O e5 8. d5
Nb8 9. c5 Na6 10. cxd6 cxd6 11. Nd2 Bd7 12. a4 Ne8 13. Nc4 Rc8 14. b3 Nc5 15.
Nb5 e4 16. Ra2 Nxa4 17. bxa4 Bxb5 18. axb5 Rxc4 19. Be3 Qd7 20. Qb3 Rc3 21. Qb4
Nc7 22. Bxe4 Nxb5 23. Bd3 Rxd3 24. exd3 a6 25. Rc2 Re8 26. Rfc1 h5 27. Qf4 Be5
28. Qg5 Bd4 29. Rc4 Bb2 30. R1c2 Bg7 31. Re4 Re5 32. Qh4 Nc7 33. Bf4 Rxe4 34.
dxe4 Nb5 35. Be3 Nc3 36. f3 b5 37. g4 hxg4 38. Qxg4 Qxg4+ 39. fxg4 a5 40. Bd2
b4 41. Bxc3 Bxc3 42. Kf2 a4 43. Ke3 b3 44. Rxc3 b2 45. Rc8+ Kg7 46. Rb8 a3  0-1

[Event "2. Bundesliga Ost 2019/2020"]
[Site "alle Wien"]
[Date "2019.12.07"]
[Round "5"]
[Board "2"]
[White "Sadilek, Maximilian"]
[Black "Ganaus, Hannes"]
[Result "1/2-1/2"]
[WhiteElo "2313"]
[BlackElo "2196"]
[PlyCount "91"]
[EventDate "2019.10.19"]
[EventType "team"]
[EventRounds "11"]
[EventCountry "AUT"]
[WhiteTeam "tschaturanga"]
[BlackTeam "ASVOE VHS Poechlarn"]

1. e4 c6 2. d4 d5 3. Nd2 dxe4 4. Nxe4 Nf6 5. Bd3 Nxe4 6. Bxe4 Bf5 7. Bxf5 Qa5+
8. c3 Qxf5 9. Nf3 e6 10. O-O Nd7 11. Be3 Be7 12. Qb3 Qb5 13. Qc2 O-O 14. c4 Qh5
15. Rad1 Rfd8 16. Qb3 b6 17. Qa4 b5 18. Qa5 Bd6 19. h3 Rdc8 20. b3 Be7 21. Qc3
bxc4 22. bxc4 Rab8 23. Rb1 h6 24. Qc2 Qa5 25. Rb3 Nf6 26. Rfb1 Bd6 27. g3 Rxb3
28. axb3 Rb8 29. Bd2 Qa3 30. Bc3 Qa6 31. Kg2 Qb7 32. b4 Rd8 33. Qe2 Bb8 34. b5
cxb5 35. Rxb5 Qc6 36. Ba5 Rc8 37. Rc5 Qb7 38. Rxc8+ Qxc8 39. Kh2 Qc6 40. Be1
Bc7 41. c5 Qe4 42. Qxe4 Nxe4 43. Kg2 Kf8 44. Kf1 Ke8 45. Ke2 Kd7 46. Kd3
 1/2-1/2

[Event "2. Bundesliga Ost 2019/2020"]
[Site "alle Wien"]
[Date "2019.12.07"]
[Round "5"]
[Board "3"]
[White "Weinzettl, Ernst"]
[Black "Sadilek, Peter"]
[Result "1/2-1/2"]
[WhiteElo "2175"]
[BlackElo "2280"]
[PlyCount "88"]
[EventDate "2019.10.19"]
[EventType "team"]
[EventRounds "11"]
[EventCountry "AUT"]
[WhiteTeam "ASVOE VHS Poechlarn"]
[BlackTeam "tschaturanga"]

1. e4 g6 2. d4 Bg7 3. Nf3 d6 4. Nc3 Nf6 5. Be3 O-O 6. h3 c6 7. a4 Qc7 8. Qd2
Nbd7 9. Be2 e5 10. dxe5 dxe5 11. O-O Re8 12. Rfd1 Bf8 13. Bc4 Nb6 14. Bd3 a5
15. Ne2 Nbd7 16. Ng3 Nc5 17. Bh6 Bxh6 18. Qxh6 Qe7 19. Bc4 Be6 20. Nxe5 Ncxe4
21. Nxe4 Nxe4 22. Rd7 Qf8 23. Qxf8+ Kxf8 24. Bxe6 Rxe6 25. Nd3 Rb8 26. Rd1 b6
27. f3 Nf6 28. Nf4 Re7 29. R7d6 Nd5 30. Nxd5 cxd5 31. R6xd5 Rc7 32. Rd8+ Rxd8
33. Rxd8+ Ke7 34. Rd2 Rc4 35. b3 Rc8 36. Kf2 h5 37. h4 Ke6 38. Re2+ Kf5 39. Kg3
f6 40. Rd2 Ke5 41. Re2+ Kf5 42. Kf2 g5 43. hxg5 fxg5 44. Rd2 Kf4  1/2-1/2

[Event "2. Bundesliga Ost 2019/2020"]
[Site "alle Wien"]
[Date "2019.12.07"]
[Round "5"]
[Board "4"]
[White "Olivetti, Davide"]
[Black "Ernst, Michael"]
[Result "1-0"]
[WhiteElo "2192"]
[BlackElo "2169"]
[PlyCount "47"]
[EventDate "2019.10.19"]
[EventType "team"]
[EventRounds "11"]
[EventCountry "AUT"]
[WhiteTeam "tschaturanga"]
[BlackTeam "ASVOE VHS Poechlarn"]

1. e4 e6 2. d4 d5 3. Nd2 dxe4 4. Nxe4 Nd7 5. Bd3 Ngf6 6. Nxf6+ Nxf6 7. Bg5 c5
8. Bxf6 Qxf6 9. Bb5+ Bd7 10. Bxd7+ Kxd7 11. dxc5+ Kc7 12. Nf3 Bxc5 13. O-O Rad8
14. Qe2 Kb8 15. a4 g5 16. a5 Rd5 17. c4 Rd6 18. a6 bxa6 19. b4 Bd4 20. Nxd4
Rxd4 21. b5 axb5 22. Rfb1 Rhd8 23. Rxb5+ Ka8 24. Rxa7+  1-0

[Event "2. Bundesliga Ost 2019/2020"]
[Site "alle Wien"]
[Date "2019.12.07"]
[Round "5"]
[Board "5"]
[White "Batyte, Daiva"]
[Black "Kaphle, Sebastian"]
[Result "0-1"]
[WhiteElo "2145"]
[BlackElo "2191"]
[PlyCount "102"]
[EventDate "2019.10.19"]
[EventType "team"]
[EventRounds "11"]
[EventCountry "AUT"]
[WhiteTeam "ASVOE VHS Poechlarn"]
[BlackTeam "tschaturanga"]

1. Nf3 d5 2. g3 Nf6 3. Bg2 e6 4. b3 Be7 5. Bb2 O-O 6. O-O c5 7. d3 b6 8. c4 Bb7
9. Ne5 Nc6 10. Nxc6 Bxc6 11. Nc3 Rc8 12. cxd5 Nxd5 13. Nxd5 Bxd5 14. Rc1 Bf6
15. Qd2 Bg5 16. Qc3 Bf6 17. Qd2 Bxg2 18. Kxg2 Bxb2 19. Qxb2 Qd5+ 20. Kg1 e5 21.
Qc3 Rcd8 22. a4 a5 23. Qc4 Qc6 24. Qc3 Rfe8 25. Rfd1 h5 26. h4 Re6 27. Qd2 e4
28. Qg5 Rd5 29. Qf4 exd3 30. exd3 Qd7 31. Qf3 Rf6 32. Qe4 Rd4 33. Qe2 g6 34.
Rc4 Qd5 35. Rxd4 cxd4 36. Qc2 Rc6 37. Qb1 Qc5 38. Re1 Qb4 39. Qd1 Rc3 40. Qf3
Kg7 41. Re8 Qd6 42. Qe4 Rxb3 43. Rc8 Rc3 44. Qe8 Rxc8 45. Qxc8 Qb4 46. Qc2 b5
47. axb5 Qxb5 48. Qa2 a4 49. Qa1 Qb4 50. Kg2 a3 51. Qa2 Qb7+  0-1

[Event "2. Bundesliga Ost 2019/2020"]
[Site "alle Wien"]
[Date "2019.12.07"]
[Round "5"]
[Board "6"]
[White "Kreindl, Helmut"]
[Black "Mittermayr, Gerhard"]
[Result "0-1"]
[WhiteElo "2181"]
[BlackElo "2071"]
[PlyCount "94"]
[EventDate "2019.10.19"]
[EventType "team"]
[EventRounds "11"]
[EventCountry "AUT"]
[WhiteTeam "tschaturanga"]
[BlackTeam "ASVOE VHS Poechlarn"]

1. d4 Nf6 2. Nf3 g6 3. e3 Bg7 4. Be2 d6 5. b4 O-O 6. O-O Nbd7 7. Bb2 e5 8. c4
e4 9. Nfd2 d5 10. cxd5 Nb6 11. Nc3 Nbxd5 12. Ndxe4 Nxe4 13. Nxe4 Re8 14. Nc3
Nxb4 15. Qb3 a5 16. Bc4 Be6 17. Bxe6 Rxe6 18. Rfd1 Rb6 19. Na4 Rb5 20. a3 Qd5
21. Qc3 Na6 22. Rac1 Qb3 23. Qxb3 Rxb3 24. Rc3 Rxc3 25. Nxc3 b5 26. Rc1 b4 27.
Ne4 Bf8 28. a4 f5 29. Nf6+ Kf7 30. Nxh7 Be7 31. f4 c5 32. Ng5+ Bxg5 33. fxg5
Rc8 34. dxc5 Rxc5 35. Rd1 Rc2 36. Bd4 Ra2 37. Bb6 Rxa4 38. Rd7+ Ke6 39. Ra7 Nb8
40. Rxa5 Rxa5 41. Bxa5 Nc6 42. Bxb4 Nxb4 43. Kf2 Ke5 44. Kf3 Nd5 45. h4 Nc7 46.
g4 Ne6 47. gxf5 Kxf5  0-1

[Event "2. Bundesliga Ost 2019/2020"]
[Site "alle Wien"]
[Date "2019.12.07"]
[Round "5"]
[Board "1"]
[White "Vlcek, Stanislav"]
[Black "Lizak, Peter"]
[Result "0-1"]
[WhiteElo "2297"]
[BlackElo "2460"]
[PlyCount "122"]
[EventDate "2019.10.19"]
[EventType "team"]
[EventRounds "11"]
[EventCountry "AUT"]
[WhiteTeam "Amateure"]
[BlackTeam "Data Technology Pressbaum/E."]

1. e4 e6 2. d4 d5 3. Nc3 Bb4 4. e5 Qd7 5. Qg4 f5 6. Qg3 b6 7. Bd2 Ba6 8. Bxa6
Nxa6 9. a3 Bf8 10. Qd3 Nb8 11. Nf3 c5 12. Ne2 Nc6 13. O-O Nge7 14. dxc5 bxc5
15. c4 d4 16. Nf4 Ng6 17. Nxg6 hxg6 18. b4 Be7 19. Rab1 Rh5 20. bxc5 Kf7 21.
Rb5 g5 22. Rfb1 Rc8 23. h3 g4 24. Rb7 Rc7 25. hxg4 fxg4 26. Rxc7 Qxc7 27. Nxd4
Qd8 28. Bc3 Qh8 29. Kf1 Nxe5 30. Qe4 Rh1+ 31. Ke2 Rxb1 32. Qxb1 Qa8 33. c6 Nxc6
34. Qe4 Nxd4+ 35. Qxd4 Qxg2 36. Qxg7+ Ke8 37. Qh8+ Kd7 38. Qd4+ Kc6 39. Bb4
Qf3+ 40. Kd2 Bg5+ 41. Kc2 Qf5+ 42. Kb3 Bf4 43. Qd1 Bc7 44. Qh1+ Qf3+ 45. Qxf3+
gxf3 46. Kc2 a5 47. Bd2 a4 48. Kd3 Bd6 49. Bc1 e5 50. Ke4 Kc5 51. Kd3 Kc6 52.
Ke4 Kc5 53. Kd3 e4+ 54. Kxe4 Kxc4 55. Kxf3 Kd3 56. Kg4 Kc2 57. Bg5 Bxa3 58. f4
Bb4 59. Bf6 a3 60. f5 a2 61. Kg5 Be7  0-1

[Event "2. Bundesliga Ost 2019/2020"]
[Site "alle Wien"]
[Date "2019.12.07"]
[Round "5"]
[Board "2"]
[White "Videki, Sandor"]
[Black "Danada, Tomas"]
[Result "1/2-1/2"]
[WhiteElo "2405"]
[BlackElo "2266"]
[PlyCount "66"]
[EventDate "2019.10.19"]
[EventType "team"]
[EventRounds "11"]
[EventCountry "AUT"]
[WhiteTeam "Data Technology Pressbaum/E."]
[BlackTeam "Amateure"]

1. e4 c5 2. Nf3 d6 3. c3 Nf6 4. Qc2 Nc6 5. d4 cxd4 6. cxd4 d5 7. e5 Ne4 8. Nc3
Qa5 9. Bd2 Nxd2 10. Qxd2 Bg4 11. Ng5 Bh5 12. e6 f6 13. Nh3 g5 14. f4 Bg4 15.
fxg5 Bxh3 16. gxh3 Bg7 17. Bg2 O-O-O 18. O-O fxg5 19. Kh1 Bxd4 20. Rf5 Rhf8 21.
Raf1 Rf6 22. Qxg5 Rg6 23. Qd2 Bxc3 24. bxc3 Rxe6 25. Rxd5 Rxd5 26. Qxd5 Qxd5
27. Bxd5 Rf6 28. Rg1 Kd7 29. Rg7 h6 30. Rh7 Kd6 31. Be4 Re6 32. Bf5 Rf6 33. Be4
Re6  1/2-1/2